| 000 | 01632cam a2200349 i 4500 | ||
|---|---|---|---|
| 001 | 15797578 | ||
| 003 | EG-ScBUE | ||
| 005 | 20240919135547.0 | ||
| 008 | 090630t2009 ne a f b 001 0 eng d | ||
| 020 | _a9780387894850 (pbk. : acidfree paper) | ||
| 020 | _a0387894853 (pbk. : acidfree paper) | ||
| 040 |
_aCDM _beng _erda _cCDM _dORX _dCDX _dBTCTA _dBWX _dOHX _dYDXCP _dAUW _dDLC _dEG-ScBUE |
||
| 082 | 0 | 4 |
_a512.7 _222 _bCOP |
| 100 | 1 |
_aCoppel, W. A., _eauthor. _928606 |
|
| 245 | 1 | 0 |
_aNumber theory : _ban introduction to mathematics / _cW. A. Coppel. |
| 250 | _aSecond edition. | ||
| 264 | 1 |
_aDordrecht : _bSpringer, _c[2009] |
|
| 264 | 4 | _cc2009 | |
| 300 |
_axiii, 610 pages : _billustrations ; _c24 cm. |
||
| 336 |
_2rdacontent _atext _btxt |
||
| 337 |
_aunmediated _2rdamedia _bn |
||
| 338 |
_avolume _bnc _2rdacarrier |
||
| 490 | 0 | _aUniversitext | |
| 504 | _aIncludes bibliographical references and index. | ||
| 505 | 0 | _aThe expanding universe of numbers --Divisibility -- More on divisibility -- Continued fractions and their uses -- Hadamard's determinant problem -- Hensel's p-adic numbers -- The arithmetic of quadratic forms -- The geometry of numbers -- The number of prime numbers -- A character study -- Uniform distribution and ergodic theory -- Elliptic functions -- Connections with number theory. | |
| 650 | 7 |
_aNumber theory _vTextbooks. _2BUEsh _928608 |
|
| 653 | _cFebruary2012 | ||
| 655 | _vReading book | ||
| 942 |
_2ddc _cBB |
||
| 999 |
_c16385 _d16385 |
||